• 首页
  • 本馆介绍
  • 公告通知
  • 最新文献
  • 馆藏检索
  • 电子资源
  • 读者导购
  • 参考咨询
  • 我的图书馆
  • 登录
  • 详细信息显示
  • 放入我的书架
  • 预约/预借图书
  • 作者相关作品
  • 分类相关作品
  • 丛书相关作品
  • 出版社相关作品

书目信息

  • 表格格式
  • 工作单格式
  • 卡片格式
题名:
小城镇污水处理工程规划与设计
    
 
作者: 周鑫根 主编
分册:  
出版信息: 北京   化学工业出版社  2005
页数: 374页
开本: 26cm
丛书名:
单 册:
中图分类: X799.303
科图分类:
主题词: 城镇--污水处理--规划 , 城镇--污水处理--设计 , 城镇 , 污水处理
电子资源:
ISBN: 7-5025-6837-9
000 00933nam0 2200277 450
001 002931595
005 20070805152027.18
010    @a7-5025-6837-9@dCNY60.00
035    @a002931595
100    @a20050628d2005 em y0chiy0110 ea
101 0  @achi
102    @aCN@b110000
105    @aa z 000yy
106    @ar
200 1  @a小城镇污水处理工程规划与设计@Axiao cheng zhen wu shui chu li gong cheng gui hua yu she ji@f周鑫根主编@Fzhou xin gen zhu bian
210    @a北京@c化学工业出版社@d2005
215    @a374页@c折图@d26cm
330    @a本书阐述与总结了小城镇污水处理规划和设计的各种原理与方法,作者结合在多年工作中积累的经验,较为完整地提拱了小城镇污水处理工程的典型实例。
606 0  @a城镇@x污水处理@x规划
606 0  @a城镇@x污水处理@x设计
606 0  @a城镇
606 0  @a污水处理
690    @aX799.303@v4
701  0 @a周鑫根@Azhou xin gen@f(1955.10~)@4主编
801  0 @aCN@bNLC@c20070805
905    @dX799.303@e115@f5
    
    小城镇污水处理工程规划与设计/周鑫根主编.-北京:化学工业出版社,2005
    374页:折图;26cm
    
    
    ISBN 7-5025-6837-9:CNY60.00
    本书阐述与总结了小城镇污水处理规划和设计的各种原理与方法,作者结合在多年工作中积累的经验,较为完整地提拱了小城镇污水处理工程的典型实例。
●
相关链接 在E读中查询图书 在五车中查询图书 在当当中查询图书 在豆瓣中查询图书


正题名:小城镇污水处理工程规划与设计     索取号:X799.303/115         预约/预借

序号 登录号 条形码 馆藏地/架位号 状态 备注
1 0850785   208507855   第二样本阅览室/ [索取号:X799.303/115] 在馆    
2 0850786   208507864   第三借阅区/ [索取号:X799.303/115] 在馆    
3 0850787   208507873   第三借阅区/ [索取号:X799.303/115] 在馆    
4 0850788   208507882   第三借阅区/ [索取号:X799.303/115] 在馆    
5 0850789   208507891   第三借阅区/ [索取号:X799.303/115] 在馆    
唐山师范学院图书馆 欢迎您!
大连网信软件有限公司© 版权所有